000 00238nam a2200097Ia 4500
008 190216s9999||||xx |||||||||||||| ||und||
100 _aMuttathu Varkey
245 0 _aRathrikalude Rathri
260 _bNational Book Stall
942 _cBK
999 _c30370
_d30370